LDR 00738naa#a2200193#i#450# 001 EN\\bibl\117170 005 20260426182405.7 011 ## _a2782-5957 100 ## _a20260330b2026####ek#y0engy0150####ca 102 ## _aRU 200 1# _aINFLUENCE OF SILICON WHEN MODIFYING THE CRYSTALLIZATION OF CAST IRON WITH FRAKE GRAPHITE _eJournal article 210 1# _aBryansk _cBryansk State Technical University _d2026 215 ## _a9 с. 608 ## _aJournal article _2local 675 ## _aМеталлургия. Металлы и сплавы. 669 _z 686 ## _aХимическая технология. Химические производства. 35 _2bbk 700 #1 _aSazonov _gVadim Olegovich 700 #1 _aMakarenko _gKonstantin Vasilievich 856 4# _anaukaru.ru _u